[Event "Blitz 2018"]
[Site "Saint-Petersburg"]
[Date "2018.12.30"]
[Round "18"]
[Board "68"]
[White "Piorun Kacper (POL)"]
[Black "Vastrukhin Oleg (RUS)"]
[Result "0-1"]
[LiveChessVersion "1.4.8"]
[BlackElo "2488"]
[WhiteElo "2646"]

1. d4 {[%clk 0:03:03]} g6 {[%clk 0:03:04]} 2. e4 {[%clk 0:03:03]} Bg7
{[%clk 0:03:05]} 3. c4 {[%clk 0:03:04]} d6 {[%clk 0:03:04]} 4. Nc3
{[%clk 0:03:03]} e5 {[%clk 0:03:05]} 5. Be3 {[%clk 0:03:03]} exd4
{[%clk 0:03:02]} 6. Bxd4 {[%clk 0:03:02]} Nf6 {[%clk 0:03:03]} 7. Bd3
{[%clk 0:02:28]} Nc6 {[%clk 0:03:02]} 8. Be3 {[%clk 0:02:30]} O-O
{[%clk 0:03:01]} 9. f3 {[%clk 0:02:29]} Nd7 {[%clk 0:02:47]} 10. Nge2
{[%clk 0:02:27]} Nc5 {[%clk 0:02:36]} 11. O-O {[%clk 0:02:13]} Ne5
{[%clk 0:02:22]} 12. Bc2 {[%clk 0:02:01]} Nxc4 {[%clk 0:02:20]} 13. Bd4
{[%clk 0:02:03]} Nxb2 {[%clk 0:02:11]} 14. Qe1 {[%clk 0:02:03]} Nbd3
{[%clk 0:01:52]} 15. Qd2 {[%clk 0:01:58]} Ne5 {[%clk 0:01:39]} 16. Nd5
{[%clk 0:01:55]} c6 {[%clk 0:01:28]} 17. Ne3 {[%clk 0:01:55]} Ne6
{[%clk 0:01:23]} 18. Bc3 {[%clk 0:01:48]} d5 {[%clk 0:01:09]} 19. exd5
{[%clk 0:01:40]} cxd5 {[%clk 0:01:10]} 20. Nxd5 {[%clk 0:01:27]} Nc7
{[%clk 0:00:51]} 21. Bb3 {[%clk 0:01:06]} Nxd5 {[%clk 0:00:47]} 22. Bxd5
{[%clk 0:01:07]} Be6 {[%clk 0:00:47]} 23. Bxe6 {[%clk 0:00:49]} Qxd2
{[%clk 0:00:47]} 24. Bxd2 {[%clk 0:00:48]} fxe6 25. Rab1 b6 {[%clk 0:00:42]} 26.
Bb4 {[%clk 0:00:46]} Rfe8 {[%clk 0:00:40]} 27. Nf4 {[%clk 0:00:27]} Bh6
{[%clk 0:00:34]} 28. Ne2 {[%clk 0:00:25]} Rac8 {[%clk 0:00:32]} 29. Nd4
{[%clk 0:00:23]} Be3+ {[%clk 0:00:28]} 0-1

[Event "Blitz 2018"]
[Site "Saint-Petersburg"]
[Date "2018.12.30"]
[Round "18"]
[Board "69"]
[White "Christiansen Johan-Sebastian (NOR)"]
[Black "Steinberg Nitzan (ISR)"]
[Result "1-0"]
[LiveChessVersion "1.4.8"]
[BlackElo "2447"]
[WhiteElo "2635"]

1. e4 {[%clk 0:03:03]} c5 {[%clk 0:03:03]} 2. Nf3 {[%clk 0:03:03]} d6
{[%clk 0:03:04]} 3. Nc3 {[%clk 0:03:00]} a6 {[%clk 0:03:05]} 4. g3
{[%clk 0:03:00]} g6 {[%clk 0:02:57]} 5. Bg2 {[%clk 0:02:59]} Bg7 {[%clk 0:02:58]}
6. O-O {[%clk 0:02:59]} Nc6 {[%clk 0:02:58]} 7. Re1 {[%clk 0:02:59]} e6
{[%clk 0:02:50]} 8. a3 {[%clk 0:02:58]} Nge7 {[%clk 0:02:48]} 9. Rb1
{[%clk 0:02:59]} O-O {[%clk 0:02:41]} 10. d3 {[%clk 0:02:59]} b5 {[%clk 0:02:41]}
11. Bd2 {[%clk 0:03:00]} Bb7 {[%clk 0:02:40]} 12. Qc1 {[%clk 0:03:01]} Re8
{[%clk 0:02:34]} 13. Bh6 {[%clk 0:03:01]} Bh8 {[%clk 0:02:34]} 14. Nd1
{[%clk 0:02:39]} Rc8 {[%clk 0:02:27]} 15. Ne3 {[%clk 0:02:35]} Nd4
{[%clk 0:02:18]} 16. Ng5 {[%clk 0:02:10]} f6 {[%clk 0:02:06]} 17. Nh3
{[%clk 0:01:44]} e5 {[%clk 0:02:02]} 18. c3 {[%clk 0:01:44]} Ne6 {[%clk 0:02:03]}
19. f4 {[%clk 0:01:42]} d5 {[%clk 0:01:51]} 20. f5 {[%clk 0:01:27]} Nf8
{[%clk 0:01:53]} 21. fxg6 {[%clk 0:01:23]} hxg6 {[%clk 0:01:53]} 22. Rf1
{[%clk 0:01:08]} dxe4 {[%clk 0:01:31]} 23. dxe4 {[%clk 0:01:09]} Qd3
{[%clk 0:01:28]} 24. Qe1 {[%clk 0:01:07]} Qd7 {[%clk 0:01:18]} 25. Rd1
{[%clk 0:00:53]} Qe6 {[%clk 0:01:17]} 26. Nd5 {[%clk 0:00:54]} Nh7
{[%clk 0:01:07]} 27. Nf2 {[%clk 0:00:50]} Nxd5 {[%clk 0:00:48]} 28. exd5
{[%clk 0:00:50]} Qd7 {[%clk 0:00:46]} 29. c4 {[%clk 0:00:37]} bxc4
{[%clk 0:00:40]} 30. Ne4 {[%clk 0:00:37]} f5 {[%clk 0:00:41]} 31. Nc3
{[%clk 0:00:39]} e4 {[%clk 0:00:42]} 32. Qe2 {[%clk 0:00:33]} Bd4+
{[%clk 0:00:42]} 33. Kh1 {[%clk 0:00:35]} Nf6 {[%clk 0:00:43]} 34. Qxc4
{[%clk 0:00:31]} Qh7 {[%clk 0:00:31]} 35. Bf4 {[%clk 0:00:25]} Ng4
{[%clk 0:00:32]} 36. h4 {[%clk 0:00:22]} Kh8 {[%clk 0:00:20]} 37. d6
{[%clk 0:00:21]} Rcd8 {[%clk 0:00:19]} 38. Rxd4 {[%clk 0:00:18]} cxd4
{[%clk 0:00:21]} 39. Qxd4+ Qg7 40. Qb6 {[%clk 0:00:21]} Rd7 {[%clk 0:00:20]} 41.
Na4 {[%clk 0:00:21]} e3 {[%clk 0:00:20]} 42. Nc5 {[%clk 0:00:18]} Bxg2+
{[%clk 0:00:20]} 43. Kxg2 {[%clk 0:00:19]} Rdd8 {[%clk 0:00:16]} 44. d7
{[%clk 0:00:13]} Rxd7 {[%clk 0:00:15]} 45. Nxd7 {[%clk 0:00:11]} Qxd7
{[%clk 0:00:16]} 46. Qb4 {[%clk 0:00:04]} Rc8 {[%clk 0:00:14]} 47. Re1
{[%clk 0:00:03]} Qd5+ {[%clk 0:00:13]} 48. Kg1 {[%clk 0:00:04]} Qf3
{[%clk 0:00:10]} 49. Qd4+ {[%clk 0:00:06]} Kg8 {[%clk 0:00:10]} 50. Rf1
{[%clk 0:00:05]} Nf2 {[%clk 0:00:04]} 51. Kh2 Qe2 {[%clk 0:00:05]} 52. Qd5+
{[%clk 0:00:07]} Kf8 {[%clk 0:00:04]} 53. Bh6+ {[%clk 0:00:08]} Ke7
{[%clk 0:00:06]} 54. Bg5+ {[%clk 0:00:09]} Kf8 {[%clk 0:00:06]} 55. Qd6+
{[%clk 0:00:05]} Kg7 {[%clk 0:00:06]} 56. Qd7+ {[%clk 0:00:06]} Kg8
{[%clk 0:00:07]} 57. Qxc8+ {[%clk 0:00:07]} Kf7 {[%clk 0:00:08]} 58. Qd7+
{[%clk 0:00:08]} Kf8 {[%clk 0:00:08]} 59. Qd8+ {[%clk 0:00:09]} Kf7
{[%clk 0:00:10]} 60. Qf6+ {[%clk 0:00:10]} Kg8 {[%clk 0:00:10]} 61. Qxg6+ Kf8 62.
Qxf5+ {[%clk 0:00:12]} Ke8 {[%clk 0:00:14]} 63. Qe6+ {[%clk 0:00:11]} Kf8
{[%clk 0:00:15]} 64. Bh6# {[%clk 0:00:13]} 1-0

[Event "Blitz 2018"]
[Site "Saint-Petersburg"]
[Date "2018.12.30"]
[Round "18"]
[Board "70"]
[White "Abdusattorov Nodirbek (UZB)"]
[Black "Shaposhnikov Evgeny (RUS)"]
[Result "1-0"]
[LiveChessVersion "1.4.8"]
[BlackElo "2603"]
[WhiteElo "2469"]

1. d4 {[%clk 0:03:03]} Nf6 {[%clk 0:03:03]} 2. Bf4 {[%clk 0:03:04]} e6
{[%clk 0:03:00]} 3. e3 {[%clk 0:03:04]} c5 {[%clk 0:02:58]} 4. c3
{[%clk 0:03:04]} Be7 {[%clk 0:02:59]} 5. h3 {[%clk 0:03:02]} b6 {[%clk 0:02:59]}
6. Nf3 {[%clk 0:03:00]} Bb7 {[%clk 0:03:01]} 7. Nbd2 {[%clk 0:02:59]} O-O
{[%clk 0:03:01]} 8. Bd3 {[%clk 0:02:58]} cxd4 {[%clk 0:02:59]} 9. exd4
{[%clk 0:02:57]} d6 {[%clk 0:03:01]} 10. O-O {[%clk 0:02:51]} Nbd7
{[%clk 0:03:02]} 11. Bh2 {[%clk 0:02:47]} Re8 {[%clk 0:03:02]} 12. Re1
{[%clk 0:02:47]} Bf8 {[%clk 0:03:01]} 13. Qe2 {[%clk 0:02:42]} a6
{[%clk 0:03:02]} 14. a4 {[%clk 0:02:42]} Qc7 {[%clk 0:03:03]} 15. Nc4
{[%clk 0:02:37]} Qc6 {[%clk 0:03:02]} 16. Ne3 {[%clk 0:02:14]} e5
{[%clk 0:02:53]} 17. dxe5 {[%clk 0:02:11]} Nxe5 {[%clk 0:02:40]} 18. Bxe5
{[%clk 0:02:01]} dxe5 {[%clk 0:02:41]} 19. Bc4 {[%clk 0:01:58]} h6
{[%clk 0:02:29]} 20. Red1 {[%clk 0:01:51]} Bc5 {[%clk 0:02:17]} 21. Nd5
{[%clk 0:01:42]} e4 {[%clk 0:01:59]} 22. Nd4 {[%clk 0:01:38]} Qd6
{[%clk 0:01:47]} 23. Nf5 {[%clk 0:01:28]} Qe5 {[%clk 0:01:48]} 24. Nxf6+
{[%clk 0:01:29]} Qxf6 {[%clk 0:01:49]} 25. Rd7 {[%clk 0:01:28]} Qxf5
{[%clk 0:01:40]} 26. Rxb7 {[%clk 0:01:27]} Re7 {[%clk 0:01:07]} 27. Rxe7
{[%clk 0:01:25]} Bxe7 {[%clk 0:01:08]} 28. Rd1 {[%clk 0:01:20]} Bc5
{[%clk 0:00:41]} 29. b4 {[%clk 0:01:13]} Be7 {[%clk 0:00:37]} 30. Rd5
{[%clk 0:01:13]} Qf4 {[%clk 0:00:36]} 31. g3 {[%clk 0:01:08]} Qc1+ 32. Kg2 Qxc3
{[%clk 0:00:32]} 33. Rd7 {[%clk 0:01:05]} Qe5 {[%clk 0:00:19]} 34. f4
{[%clk 0:00:47]} exf3+ {[%clk 0:00:18]} 35. Qxf3 {[%clk 0:00:47]} Rf8
{[%clk 0:00:18]} 36. h4 {[%clk 0:00:35]} a5 {[%clk 0:00:18]} 37. bxa5
{[%clk 0:00:35]} bxa5 {[%clk 0:00:20]} 38. Rd5 {[%clk 0:00:31]} Qb2+
{[%clk 0:00:20]} 39. Kh3 {[%clk 0:00:32]} Qb6 {[%clk 0:00:19]} 40. Rb5
{[%clk 0:00:30]} Qd8 {[%clk 0:00:17]} 41. Qf5 {[%clk 0:00:26]} Qc7
{[%clk 0:00:13]} 42. Bd5 {[%clk 0:00:23]} Qc8 {[%clk 0:00:07]} 43. Bxf7+
{[%clk 0:00:23]} Kh8 {[%clk 0:00:08]} 44. Qxc8 Rxc8 {[%clk 0:00:09]} 45. Rxa5
{[%clk 0:00:25]} Bd6 {[%clk 0:00:09]} 46. Bg6 {[%clk 0:00:26]} Kg8
{[%clk 0:00:09]} 47. Ra7 {[%clk 0:00:26]} Rd8 {[%clk 0:00:03]} 48. a5
{[%clk 0:00:26]} Bb8 {[%clk 0:00:00]} 49. Rb7 {[%clk 0:00:26]} 1-0

[Event "Blitz 2018"]
[Site "Saint-Petersburg"]
[Date "2018.12.30"]
[Round "18"]
[Board "71"]
[White "Pantsulaia Levan (GEO)"]
[Black "Shinkevich Vitaly (RUS)"]
[Result "0-1"]
[LiveChessVersion "1.4.8"]
[BlackElo "2445"]
[WhiteElo "2584"]

1. c4 {[%clk 0:03:03]} Nf6 {[%clk 0:03:02]} 2. g3 {[%clk 0:03:02]} c5
{[%clk 0:03:03]} 3. Bg2 {[%clk 0:03:02]} g6 {[%clk 0:03:05]} 4. Nc3
{[%clk 0:03:03]} Bg7 {[%clk 0:03:06]} 5. Nf3 Nc6 6. d4 {[%clk 0:03:04]} cxd4
{[%clk 0:03:09]} 7. Nxd4 {[%clk 0:03:04]} O-O {[%clk 0:03:09]} 8. O-O
{[%clk 0:03:05]} Ng4 {[%clk 0:03:10]} 9. e3 {[%clk 0:03:03]} d6 {[%clk 0:03:12]}
10. b3 {[%clk 0:02:25]} Nxd4 {[%clk 0:03:11]} 11. exd4 {[%clk 0:02:25]} Nh6
{[%clk 0:03:11]} 12. Bb2 {[%clk 0:02:15]} Nf5 {[%clk 0:03:12]} 13. d5
{[%clk 0:02:15]} Bd7 {[%clk 0:03:13]} 14. Qd2 {[%clk 0:02:02]} Qa5
{[%clk 0:03:11]} 15. Rfe1 {[%clk 0:01:43]} Rfe8 {[%clk 0:03:12]} 16. a3
{[%clk 0:01:33]} Rac8 {[%clk 0:03:08]} 17. b4 {[%clk 0:01:11]} Qb6
{[%clk 0:03:02]} 18. Re4 {[%clk 0:01:08]} Nd4 {[%clk 0:02:35]} 19. Rae1
{[%clk 0:01:01]} Rxc4 {[%clk 0:02:12]} 20. Rxe7 {[%clk 0:01:01]} Rxe7
{[%clk 0:02:14]} 21. Rxe7 {[%clk 0:01:02]} Qd8 {[%clk 0:02:15]} 22. Re1
{[%clk 0:00:45]} h5 {[%clk 0:02:00]} 23. Qd3 {[%clk 0:00:45]} Rc8
{[%clk 0:01:56]} 24. Ne4 {[%clk 0:00:44]} Bb5 {[%clk 0:01:56]} 25. Qd1
{[%clk 0:00:35]} Qb6 {[%clk 0:01:30]} 26. Nxd6 {[%clk 0:00:34]} Ne2+
{[%clk 0:01:15]} 27. Rxe2 {[%clk 0:00:35]} Bxe2 {[%clk 0:01:16]} 28. Nxc8
{[%clk 0:00:35]} Bxd1 {[%clk 0:01:16]} 29. Nxb6 {[%clk 0:00:35]} Bxb2
{[%clk 0:01:17]} 30. Nc4 {[%clk 0:00:24]} Bf6 {[%clk 0:00:40]} 31. Na5
{[%clk 0:00:25]} b6 {[%clk 0:00:26]} 32. Nc6 {[%clk 0:00:26]} a6 {[%clk 0:00:25]}
33. Bf1 {[%clk 0:00:22]} Bf3 {[%clk 0:00:23]} 34. Bg2 {[%clk 0:00:21]} Bg4
{[%clk 0:00:20]} 35. d6 {[%clk 0:00:13]} Kf8 {[%clk 0:00:18]} 36. Bd5
{[%clk 0:00:13]} b5 {[%clk 0:00:07]} 37. f4 {[%clk 0:00:12]} Bb2 {[%clk 0:00:05]}
38. Ne5 {[%clk 0:00:12]} Bf5 {[%clk 0:00:04]} 39. Nxf7 {[%clk 0:00:09]} Bxa3
{[%clk 0:00:06]} 40. Ne5 {[%clk 0:00:07]} Bxb4 {[%clk 0:00:07]} 41. d7
{[%clk 0:00:08]} Be7 {[%clk 0:00:06]} 42. Nc6 {[%clk 0:00:08]} Bxd7
{[%clk 0:00:07]} 43. Nb8 {[%clk 0:00:08]} Bc8 {[%clk 0:00:08]} 44. Be4
{[%clk 0:00:07]} Kg7 {[%clk 0:00:09]} 45. Nc6 {[%clk 0:00:08]} Bc5+
{[%clk 0:00:09]} 46. Kg2 {[%clk 0:00:09]} Bb7 {[%clk 0:00:10]} 47. Kf3
{[%clk 0:00:09]} Kf6 {[%clk 0:00:09]} 48. h3 {[%clk 0:00:10]} b4 {[%clk 0:00:10]}
49. Na5 {[%clk 0:00:11]} Bxe4+ {[%clk 0:00:11]} 50. Kxe4 {[%clk 0:00:12]} Bb6
{[%clk 0:00:13]} 51. Nc4 {[%clk 0:00:11]} Bc7 {[%clk 0:00:14]} 52. Ne3
{[%clk 0:00:10]} Ke6 {[%clk 0:00:15]} 53. Nd5 {[%clk 0:00:09]} Bd6
{[%clk 0:00:16]} 54. g4 {[%clk 0:00:11]} h4 {[%clk 0:00:12]} 55. f5+
{[%clk 0:00:10]} gxf5+ {[%clk 0:00:13]} 56. gxf5+ {[%clk 0:00:12]} Kf7
{[%clk 0:00:15]} 57. Kd3 {[%clk 0:00:11]} a5 {[%clk 0:00:16]} 58. Kc4 a4 59. Nb6
{[%clk 0:00:09]} a3 {[%clk 0:00:17]} 60. Kb3 {[%clk 0:00:11]} Kf6
{[%clk 0:00:18]} 61. Nc4 {[%clk 0:00:09]} Bc5 {[%clk 0:00:16]} 0-1

[Event "Blitz 2018"]
[Site "Saint-Petersburg"]
[Date "2018.12.30"]
[Round "18"]
[Board "72"]
[White "Rechlis Gad (ISR)"]
[Black "Demchenko Anton (RUS)"]
[Result "0-1"]
[LiveChessVersion "1.4.8"]
[BlackElo "2572"]
[WhiteElo "2500"]

1. e4 {[%clk 0:03:03]} c5 {[%clk 0:03:04]} 2. Nc3 {[%clk 0:03:03]} d6
{[%clk 0:03:04]} 3. f4 {[%clk 0:03:04]} Nc6 {[%clk 0:03:04]} 4. Nf3
{[%clk 0:03:04]} e6 {[%clk 0:03:05]} 5. g3 {[%clk 0:03:03]} Nf6 {[%clk 0:03:04]}
6. Bg2 {[%clk 0:03:04]} Be7 {[%clk 0:03:05]} 7. O-O {[%clk 0:03:04]} O-O
{[%clk 0:03:06]} 8. d3 {[%clk 0:02:55]} Rb8 {[%clk 0:03:06]} 9. h3
{[%clk 0:02:50]} b5 {[%clk 0:03:04]} 10. g4 {[%clk 0:02:51]} b4 {[%clk 0:02:46]}
11. Ne2 {[%clk 0:02:52]} c4 {[%clk 0:02:25]} 12. g5 {[%clk 0:02:40]} cxd3
{[%clk 0:02:26]} 13. cxd3 {[%clk 0:02:41]} Nh5 {[%clk 0:02:13]} 14. Be3
{[%clk 0:02:40]} Bd7 {[%clk 0:01:58]} 15. Rc1 {[%clk 0:02:41]} Qa5
{[%clk 0:01:49]} 16. Nfd4 {[%clk 0:02:24]} Nxd4 {[%clk 0:01:39]} 17. Nxd4
{[%clk 0:02:24]} g6 {[%clk 0:01:39]} 18. Nb3 {[%clk 0:01:58]} Qd8
{[%clk 0:01:26]} 19. d4 {[%clk 0:01:45]} a5 {[%clk 0:01:20]} 20. d5
{[%clk 0:01:46]} e5 {[%clk 0:01:17]} 21. fxe5 {[%clk 0:01:44]} dxe5
{[%clk 0:01:17]} 22. h4 {[%clk 0:01:41]} Bd6 {[%clk 0:01:00]} 23. Nc5
{[%clk 0:01:31]} Bb5 {[%clk 0:01:00]} 24. Rf2 {[%clk 0:01:31]} Qe7
{[%clk 0:00:59]} 25. Nb3 {[%clk 0:01:24]} Ra8 {[%clk 0:00:48]} 26. Bf1
{[%clk 0:01:12]} Bd7 {[%clk 0:00:32]} 27. Nc5 {[%clk 0:01:12]} Nf4
{[%clk 0:00:27]} 28. Nxd7 {[%clk 0:01:10]} Qxd7 {[%clk 0:00:28]} 29. Rc6
{[%clk 0:01:04]} f6 {[%clk 0:00:28]} 30. Bxf4 {[%clk 0:00:51]} exf4
{[%clk 0:00:29]} 31. gxf6 {[%clk 0:00:52]} Rxf6 {[%clk 0:00:30]} 32. Qd4
{[%clk 0:00:53]} Qe7 {[%clk 0:00:32]} 33. Bh3 {[%clk 0:00:49]} Be5
{[%clk 0:00:28]} 34. Qc4 {[%clk 0:00:47]} Kh8 {[%clk 0:00:15]} 35. Be6
{[%clk 0:00:40]} f3 {[%clk 0:00:15]} 36. Qd3 {[%clk 0:00:37]} Raf8
{[%clk 0:00:13]} 37. Bg4 {[%clk 0:00:26]} Rf4 {[%clk 0:00:14]} 38. Bxf3
{[%clk 0:00:22]} Qxh4 {[%clk 0:00:16]} 39. Re6 {[%clk 0:00:21]} Qg3+
{[%clk 0:00:11]} 40. Rg2 {[%clk 0:00:05]} Qe1+ {[%clk 0:00:12]} 41. Qf1
{[%clk 0:00:06]} Bd4+ {[%clk 0:00:14]} 0-1

[Event "Blitz 2018"]
[Site "Saint-Petersburg"]
[Date "2018.12.30"]
[Round "18"]
[Board "73"]
[White "Chen Qi B (CHN)"]
[Black "Demidov Mikhail (RUS)"]
[Result "1/2-1/2"]
[LiveChessVersion "1.4.8"]
[BlackElo "2546"]
[WhiteElo "2416"]

1. e4 {[%clk 0:03:03]} e6 {[%clk 0:03:04]} 2. d4 {[%clk 0:03:04]} d5
{[%clk 0:03:05]} 3. Nd2 {[%clk 0:03:04]} Nc6 {[%clk 0:02:59]} 4. Ngf3
{[%clk 0:03:04]} Nf6 {[%clk 0:03:00]} 5. e5 {[%clk 0:02:58]} Nd7 {[%clk 0:03:01]}
6. Be2 {[%clk 0:02:57]} f6 {[%clk 0:03:01]} 7. exf6 {[%clk 0:02:52]} Nxf6
{[%clk 0:03:01]} 8. O-O {[%clk 0:02:42]} Bd6 {[%clk 0:03:02]} 9. Re1
{[%clk 0:02:24]} O-O {[%clk 0:02:59]} 10. Nf1 {[%clk 0:02:24]} e5
{[%clk 0:02:58]} 11. dxe5 {[%clk 0:02:19]} Nxe5 {[%clk 0:02:58]} 12. Ng3
{[%clk 0:02:17]} Nxf3+ {[%clk 0:02:46]} 13. Bxf3 {[%clk 0:02:18]} c6
{[%clk 0:02:47]} 14. Be3 {[%clk 0:02:07]} Re8 {[%clk 0:02:38]} 15. Bd4
{[%clk 0:02:01]} Rxe1+ {[%clk 0:02:28]} 16. Qxe1 {[%clk 0:02:01]} Bd7
{[%clk 0:02:19]} 17. Qd2 {[%clk 0:01:59]} Qf8 {[%clk 0:02:11]} 18. Re1
{[%clk 0:01:57]} a6 {[%clk 0:02:00]} 19. c3 {[%clk 0:01:41]} Re8 {[%clk 0:02:01]}
20. Rxe8 {[%clk 0:01:40]} Nxe8 {[%clk 0:01:53]} 21. Nh5 {[%clk 0:01:30]} Qf5
{[%clk 0:01:42]} 22. Qd1 {[%clk 0:00:57]} Qe6 {[%clk 0:01:30]} 23. h3
{[%clk 0:00:53]} g6 {[%clk 0:01:14]} 24. Bg4 {[%clk 0:00:31]} Qf7
{[%clk 0:01:10]} 25. Bxd7 {[%clk 0:00:30]} Qxd7 {[%clk 0:01:10]} 26. Nf6+
{[%clk 0:00:30]} Nxf6 {[%clk 0:01:11]} 27. Bxf6 {[%clk 0:00:31]} Qf5
{[%clk 0:01:09]} 28. Bd4 {[%clk 0:00:30]} Qf4 {[%clk 0:01:06]} 29. g3
{[%clk 0:00:29]} Qe4 {[%clk 0:01:05]} 30. Qg4 {[%clk 0:00:26]} Qxg4
{[%clk 0:01:02]} 31. hxg4 {[%clk 0:00:27]} Kf7 {[%clk 0:01:00]} 32. Kg2
{[%clk 0:00:25]} Ke6 {[%clk 0:01:01]} 33. f4 {[%clk 0:00:25]} c5 {[%clk 0:00:52]}
34. Be3 {[%clk 0:00:26]} b5 {[%clk 0:00:52]} 35. Kf3 {[%clk 0:00:27]} a5
{[%clk 0:00:51]} 36. Bf2 {[%clk 0:00:21]} Bf8 {[%clk 0:00:46]} 37. Bg1
{[%clk 0:00:19]} Kd6 {[%clk 0:00:28]} 38. a3 {[%clk 0:00:18]} Bg7
{[%clk 0:00:20]} 39. Ke2 {[%clk 0:00:19]} Bf8 {[%clk 0:00:13]} 40. Kd3
{[%clk 0:00:19]} Ke6 {[%clk 0:00:13]} 41. Bf2 {[%clk 0:00:19]} h5
{[%clk 0:00:13]} 42. gxh5 {[%clk 0:00:19]} gxh5 {[%clk 0:00:14]} 43. Ke3
{[%clk 0:00:20]} Kf5 44. Kf3 Be7 {[%clk 0:00:15]} 45. Bg1 {[%clk 0:00:22]} a4
{[%clk 0:00:14]} 46. Be3 {[%clk 0:00:19]} b4 {[%clk 0:00:15]} 47. cxb4
{[%clk 0:00:16]} cxb4 {[%clk 0:00:14]} 48. axb4 {[%clk 0:00:17]} Bxb4
{[%clk 0:00:15]} 49. Bd4 {[%clk 0:00:18]} Be7 {[%clk 0:00:12]} 50. Be5
{[%clk 0:00:12]} Bc5 {[%clk 0:00:13]} 51. Bc3 {[%clk 0:00:13]} d4
{[%clk 0:00:12]} 52. Bd2 {[%clk 0:00:13]} d3 {[%clk 0:00:11]} 53. Bc3
{[%clk 0:00:12]} Bb6 {[%clk 0:00:12]} 54. Bd2 {[%clk 0:00:13]} Bd4
{[%clk 0:00:13]} 55. Bc1 {[%clk 0:00:11]} d2 {[%clk 0:00:14]} 56. Bxd2
{[%clk 0:00:12]} Bxb2 {[%clk 0:00:15]} 57. Bb4 {[%clk 0:00:13]} Bc1
{[%clk 0:00:12]} 58. Bc5 {[%clk 0:00:12]} Bb2 {[%clk 0:00:13]} 59. Bb4
{[%clk 0:00:13]} a3 {[%clk 0:00:07]} 60. Bxa3 {[%clk 0:00:14]} Bxa3
{[%clk 0:00:09]} 61. Kg2 {[%clk 0:00:15]} Kg4 {[%clk 0:00:10]} 62. f5
{[%clk 0:00:15]} Kxf5 {[%clk 0:00:10]} 63. Kh1 {[%clk 0:00:16]} Bd6
{[%clk 0:00:10]} 64. Kg2 {[%clk 0:00:17]} Kg4 {[%clk 0:00:12]} 65. Kh1
{[%clk 0:00:18]} Bc5 {[%clk 0:00:13]} 66. Kg2 {[%clk 0:00:19]} Bb6
{[%clk 0:00:14]} 67. Kh1 {[%clk 0:00:20]} Ba7 {[%clk 0:00:14]} 68. Kg2
{[%clk 0:00:21]} Bb8 {[%clk 0:00:15]} 69. Kf2 {[%clk 0:00:19]} Kh3
{[%clk 0:00:15]} 70. Kg1 {[%clk 0:00:21]} Ba7+ {[%clk 0:00:15]} 71. Kh1
{[%clk 0:00:21]} Bb8 {[%clk 0:00:17]} 72. Kg1 {[%clk 0:00:21]} Bc7
{[%clk 0:00:18]} 73. Kh1 {[%clk 0:00:23]} Bd6 {[%clk 0:00:19]} 74. Kg1
{[%clk 0:00:24]} Kg4 {[%clk 0:00:20]} 75. Kh1 {[%clk 0:00:25]} Kf3
{[%clk 0:00:21]} 76. Kg1 {[%clk 0:00:26]} Be7 {[%clk 0:00:21]} 77. Kh2
{[%clk 0:00:23]} Bf6 {[%clk 0:00:20]} 78. Kg1 {[%clk 0:00:21]} Bd4+
{[%clk 0:00:18]} 79. Kh1 {[%clk 0:00:23]} Kf2 {[%clk 0:00:18]} 80. Kh2
{[%clk 0:00:23]} Bf6 {[%clk 0:00:16]} 81. Kh1 {[%clk 0:00:12]} Be7
{[%clk 0:00:17]} 82. Kh2 {[%clk 0:00:13]} Bc5 {[%clk 0:00:13]} 83. Kh1
{[%clk 0:00:13]} Kf3 {[%clk 0:00:14]} 84. Kh2 {[%clk 0:00:14]} Kg4
{[%clk 0:00:15]} 85. Kg2 {[%clk 0:00:14]} Bd6 {[%clk 0:00:15]} 86. Kh1
{[%clk 0:00:15]} Kh3 {[%clk 0:00:15]} 87. Kg1 {[%clk 0:00:16]} Be7
{[%clk 0:00:07]} 88. Kh1 {[%clk 0:00:17]} Kg4 {[%clk 0:00:06]} 89. Kg2
{[%clk 0:00:18]} Bf8 {[%clk 0:00:07]} 90. Kh2 {[%clk 0:00:19]} Kf3
{[%clk 0:00:08]} 91. Kg1 {[%clk 0:00:20]} Bd6 {[%clk 0:00:09]} 92. Kh1
{[%clk 0:00:21]} Kf2 {[%clk 0:00:10]} 93. g4 {[%clk 0:00:18]} hxg4
{[%clk 0:00:09]} 1/2-1/2